00527nam a2200181Ia 450000500170000000800410001702000080005808200130006610000170007924500440009626000490014030000120018965000130020165000150021494200060022995200950023599900150033020240529025325.0240331s9999 xx 000 0 und d a  bMANa338 aManikam, P.P 0aTea plantations in crisiscP.P. Manikam aColombobSocial Scientists Associationc1995 a80 p ., aEconomic aEmployment cL 001040708LaWERCLbWERCLcSSCd2024-03-31l0o 338 MANp4097r2024-03-31w2024-03-31yL c2766d2766